Wszyscy uczestnicy Quizu Pod Napięciem - Statystyki

Ogólne statystyki
  • Ten quiz został rozwiązany 175 razy
    127 od ostatniego zresetowania
  • Średni wynik to 9 z 16
Statystyki odpowiedzi
Ilość występów Imię i nazwisko % Poprawnych
20 Michał Pol
98%
14 Mateusz Borek
97%
7 Tomasz Hajto
92%
19 Tomasz Smokowski
91%
13 Roman Kołtoń
83%
3 Krzysztof Stanowski
65%
5 Wojciech Kowalczyk
62%
2 Franciszek Smuda
58%
7 Jolanta Zasępa
50%
2 Radosław Majewski
49%
2 Przemysław Rudzki
39%
3 Grzegorz Jędrzejewski
32%
2 Andrzej Iwan
24%
2 Bartłomiej Szczęśniak
24%
2 Piotr Wołosik
23%
1 Krzysztof Kot
11%
Nie znaleziono quizów pasujących do podanych kryteriów
Rozkład punktacji
Procent ludzi z każdym wynikiem
Percentyl według liczby udzielonych odpowiedzi
Twoja historia wyników
Nie rozwiązałeś tego quizu od ostatniego zresetowania